00394nam a2200145Ia 450000500170000000800410001702000230005804000140008108200160009510000190011124500190013026000400014930000480018952100110023720230926123529.0220701s9999 xx 000 0 und d a9781431402120qpbk ardac3228 aTSO JF KOWE aKowen Dorothy  0aThando Rocker  aAuckland Park:bJacana media,c2011 a[Unnumbered]bColour illustrationsc23.5 cm aJunior